[Event "RA-2019-0-00619"]
[Site "LSS email"]
[Date "2019.03.16"]
[Round "?"]
[White "Malichev, Ivan"]
[Black "Rudolf, Michal"]
[Result "1/2-1/2"]
[WhiteElo "2219"]
[BlackElo "2180"]
[PlyCount "83"]
[EventDate "2019.02.16"]
[EventType "tourn (corr)"]
[EventRounds "6"]
[EventCountry "GER"]
[SourceTitle "Corr 2022"]
[Source "ChessBase"]
[SourceDate "2021.10.24"]
[SourceVersion "1"]
[SourceVersionDate "2021.10.24"]
[SourceQuality "1"]

1. d4 Nf6 2. c4 e6 3. Nf3 b6 4. g3 Bb7 5. Bg2 Be7 6. 0-0 0-0 7. d5 exd5 8. Nh4 c6 9. cxd5 Nxd5 10. Nf5 Nc7 11. e4 d5 12. exd5 Nxd5 13. Nc3 Bf6 14. Nxd5 cxd5 15. Ne3 Nd7 16. Nxd5 Bxd5 17. Bxd5 Rc8 18. Rb1 Ne5 19. Qb3 Qd7 20. Bf4 Nc6 21. Be3 Bd4 22. Rbd1 Na5 23. Qa3 Qxd5 24. Bxd4 Qf5 25. Qd3 Qxd3 26. Rxd3 Rfd8 27. Rfd1 Nb7 28. R1d2 f6 29. Be3 Rxd3 30. Rxd3 Rd8 31. Ra3 Na5 32. Rc3 Rd7 33. b4 Nb7 34. g4 Kf7 35. a4 g5 36. Kf1 Ke6 37. Ke2 Nd6 38. a5 bxa5 39. bxa5 Nb5 40. Rc6+ Rd6 41. Rxd6+ Kxd6 42. f4 1/2-1/2

[Event "RA-2019-0-00619"]
[Site "LSS email"]
[Date "2019.03.15"]
[Round "?"]
[White "Vaassen, Jack M"]
[Black "Malichev, Ivan"]
[Result "1/2-1/2"]
[WhiteElo "2117"]
[BlackElo "2219"]
[PlyCount "50"]
[EventDate "2019.02.16"]
[EventType "tourn (corr)"]
[EventRounds "6"]
[EventCountry "GER"]
[SourceTitle "Corr 2022"]
[Source "ChessBase"]
[SourceDate "2021.10.24"]
[SourceVersion "1"]
[SourceVersionDate "2021.10.24"]
[SourceQuality "1"]

1. e4 c5 2. Nf3 Nc6 3. d4 cxd4 4. Nxd4 Nf6 5. Nc3 e5 6. Ndb5 d6 7. Bg5 a6 8. Na3 b5 9. Nd5 Be7 10. Bxf6 Bxf6 11. c3 Rb8 12. Nc2 Bg5 13. a4 bxa4 14. Ncb4 Nxb4 15. Nxb4 Bd7 16. Bxa6 Qa5 17. Qxd6 Rb6 18. Qd3 Be7 19. Nd5 Rxb2 20. 0-0 Qc5 21. Rab1 Rxb1 22. Rxb1 0-0 23. Nxe7+ Qxe7 24. Rb7 Rd8 25. Bc4 h6 1/2-1/2